00318nam a22001217a 4500020001800000040000900018082001800027100000900045245004500054250001700099260003500116650004500151 a9780070053663 cNust a620.1054bBEE aBeer aVector Mechanics for Engineers: Dynamics a6th Edition  aNew York:bMcGraw-Hill,c1997. aVector Mechanics for Engineers: Dynamics